Presidentes de Galicia desde la democracia - Estadísticas

Estadísticas generales
  • Esta prueba ha sido intentada 377 veces
  • La puntuación promedio es 3 de 7
Estadísticas de respuestas
Mandato Respuesta % Correcto
2009 - Actualidad (PPdeG) Alberto Núñez Feijóo
99%
1990 - 2005 (PPdeG) Manuel Fraga Iribarne
88%
2005 - 2009 (PSdeG-PSOE) Emilio Pérez Touriño
51%
1982 - 1987 (PPdeG) Gerardo Fernández Albor
41%
1987 - 1990 (PSdeG-PSOE) Fernando González Laxe
24%
1979 - 1982 (UCD) José Quiroga Suárez
14%
1978 - 1979 (UCD) Antonio Rosón
11%
No se encontraron pruebas coincidentes
Distribución de puntuación
Porcentaje de gente con cada puntuación
Porcentaje por número respondido
Historial de tus puntuaciones
No has intentado esta prueba.